Teoretické možnosti využitia XBRL pri prevádzke registra účtovných závierok diplomová práca

Saved in:
Bibliographic Details
Main Author: Marci, Anton, 1989-
Corporate Author: Fakulta hospodárskej informatiky EU. Katedra účtovníctva a audítorstva
Other Authors: Tumpach, Miloš, 1970-
Format: Book
Language:Slovak
Published: Bratislava 2014
Tags: Add Tag
No Tags, Be the first to tag this record!

MARC

LEADER 00000nbm a2200000 4500
001 0188598
005 20190207111515.3
041 0 |a slo 
044 |a SK 
245 1 0 |a Teoretické možnosti využitia XBRL pri prevádzke registra účtovných závierok  |b diplomová práca  |c Anton Marci ; školiteľ: Miloš Tumpach 
264 1 |a Bratislava  |c 2014 
300 |a 90 s. 
100 1 |a Marci, Anton, 1989- 
700 1 |a Tumpach, Miloš, 1970- 
710 2 |a Fakulta hospodárskej informatiky EU. Katedra účtovníctva a audítorstva